Tilastot visalle 15 maata, joissa kuoli eniten Covid-19 - 9. maaliskuu 2022

Klikkaa tästä pelataksesi tätä visaa!

Yleistilastot

  • Tätä visaa on pelattu 2 kertaa
  • Keskiarvotulos 10 / 26

Vastaustilastot

maa% Oikein
Brasilia
100%
Italia
100%
Puola
100%
Saksa
100%
Venäjä
100%
Yhdysvallat
100%
Argentiina
50%
Bulgaria
50%
Indonesia
50%
Intia
50%
Kolumbia
50%
Meksiko
50%
Ranska
50%
Yhdistynyt
kuningaskunta
50%
Bosnia ja
Hertsegovina
0%
Georgia
0%
Iran
0%
Kroatia
0%
Liettua
0%
Peru
0%
Pohjois-Makedonia
0%
Romania
0%
Slovakia
0%
Slovenia
0%
Tšekki
0%
Unkari
0%

Tulosjakauma

Persentiili vastausten määrän mukaan

Jokaisen tuloksen saaneiden osuus

Tuloshistoriasi

Et ole pelannut tätä visaa